000 00569nam a2200145Ia 4500
008 151213s9999 xx 000 0 und d
100 _aমোহাম্মদ ওয়াহিদ উল্লাহ।
245 _aকোন ঠিকানায় বাসা ।
_cমোহাম্মদ ওয়াহিদ উল্লাহ।
260 _aঢাকা
_bগতিধারা
_c1996
300 _a8715 p.
650 _aBangla
650 _aগল্প
700 _aমোহাম্মদ ওয়াহিদ উল্লাহ।
999 _c4501
_d4501